Foot Prints/ (Record no. 188039)

MARC details
000 -LEADER
fixed length control field 00632nam a22002057a 4500
005 - DATE AND TIME OF LATEST TRANSACTION
control field 20220509115919.0
010 ## - LCCN (DPL NO)
LC control number ENG-132557
020 ## - INTERNATIONAL STANDARD BOOK NUMBER
International Standard Book Number 9788123437354
Terms of availability 120.00
035 ## - SYSTEM CONTROL NUMBER
System control number EN-116089
037 ## - SOURCE OF ACQUISITION
Source of stock number/acquisition DBAD/PUB
082 ## - DEWEY DECIMAL CLASSIFICATION NUMBER
Classification number 485
245 ## - TITLE STATEMENT
Title Foot Prints/
Statement of responsibility, etc Edited by S. Manimekalai, S. Femina and S. Santhi
260 ## - PUBLICATION, DISTRIBUTION, ETC. (IMPRINT)
Place of publication, distribution, etc Chennai
Name of publisher, distributor, etc New Century Book House
Date of publication, distribution, etc 2018
270 ## - ADDRESS
Address 41-B, SIDCO, Industrial Estate, Ambattur
City Chennai
Postal code 600098
Electronic mail address info@ncbh.in
Telephone number 044-26251968
300 ## - PHYSICAL DESCRIPTION
Extent 157p.
Dimensions 22cm(pbk)
700 ## - ADDED ENTRY--PERSONAL NAME
Personal name Manimekalai, S.
700 ## - ADDED ENTRY--PERSONAL NAME
Personal name Femina, S.
700 ## - ADDED ENTRY--PERSONAL NAME
Personal name Santhi, S.
942 ## - ADDED ENTRY ELEMENTS (KOHA)
Source of classification or shelving scheme Dewey Decimal Classification
Item type English Books
Classification part 485
Call number suffix FOO
Holdings
Withdrawn status Lost status Not for loan Collection code Home library Current library Date acquired Source of acquisition Cost, normal purchase price Full call number Barcode Copy number Cost, replacement price Koha item type
      Non-fiction Patel Nagar Patel Nagar 09/05/2022 DBAD/PUB 120.00 485 FOO EN-116089 1 120.00 English Books

© Delhi Public Library
Hit Counter
free hit counter